Landen via Aanwijzingen - Statistieken

Algemene statistieken
  • Deze quiz is 3.073 keer genomen
  • De gemiddelde score is 10 van 20
Antwoordstatistieken
Aanwijzingen Land % Correct
Polder, Windmolen, Klompen Nederland
99%
Patagonië, Lionel Messi, Matéplant Argentinië
86%
Pączek, Solidariteit, Wisła Polen
83%
Balkan, Tirana, Twee-hoofdige Arend Albanië
81%
Marrakesh, Atlas Gebergte, Straat van Gibraltar Marokko
73%
Grand Prix, Casino, Riviera Monaco
63%
al-Assad, Aleppo, Levant Syrië
51%
Dichtgevolkt, Bengaalse Tijger, Oost-Pakistan Bangladesh
50%
Siam, Chiang Mai, Kickboksen Thailand
48%
Baltisch Land, Skype, Internet Stemmen Estland
43%
Arabische Lente, Carthago, Barbarijse Piraten Tunesië
43%
Galápagos, Chimborazo, Guayaquil Ecuador
41%
Koningin Rania, Petra, Mansaf Jordanië
36%
Drukste Haven, Microstaat, Britse Gemenebest Singapore
35%
Darfur, Nubië, Piramides Soedan
32%
Ceder, Levant, Hezbollah Libanon
30%
Centraal Amerika, Barrièrerif, Engels Sprekend Belize
28%
Mount Wilhelm, Meeste Talen, Paradijsvogel Papoea-Nieuw-Guinea
23%
Formosa, Kwomintang, HTC Taiwan
23%
Arenal Vulkaan, Geen Leger, Happy Planet #1 Costa Rica
16%
Geen overeenkomende quizzen gevonden
Scoreverdeling
Procent van Mensen met Elke Score
Percentiel versus Aantal Correcte Antwoorden
Uw Scoregeschiedenis
U heeft deze quiz nog niet genomen